000 01974cam a22005054i 4500
003 PE-LiUPU
005 20250731173538.0
008 150616s r 000 0 d
020 _a0664250378
035 _a(Sirsi) i9780664250379
040 _aPE-LiUPU
_bspa
_cPE-LiUPU
_erda
049 _aPRUA
082 0 4 _b
_221
100 1 _aWhite, James F.,
_eautor.
245 1 0 _aProtestant Worship: traditions in transition.
264 1 _aLouisville, Kentucky :
_bWestminster / John Knox Press,
_c1989.
300 _a251 páginas ;
_c23 centímetros
336 _atext
_2rdacontent
337 _aunmediated
_2rdamedia
338 _avolume
_2rdacarrier
504 _aIncluye bibliografía.
505 0 _aThe study of protestant worship- Late medieval worship and Roman Catholic worship- Lutheran worship .- Reformed worship- Anabaptist worship- Anglican worship- Etc.
526 _aSEG42
526 _aSEG41
526 _aSEG40
526 _aSEG39
526 _aP94
526 _aP87
526 _aP86
526 _aP85
526 _aP77
526 _aP76
526 _aP35
650 0 4 _aCULTO Y ADORACION TRADICIONALES (PROTESTANTISMO).
910 _ajck
_bjvq
_cjck
942 _2ddc
_cBOOK
949 _a264 W55
_wDEWEY
_c1
_i42512
_lCCODEBUL1
_mBUL
_r0
_sY
_tBOOK
_u2015-4-23
_xTEOLOGIA
_zUNKNOWN
_0COMPRA
_o.STAFF. Colección General
949 _a264 W55
_wDEWEY
_c2
_i45768
_lCCODEBUL1
_mBUL
_r0
_sY
_tBOOK
_u2015-6-16
_xTEOLOGIA
_zUNKNOWN
_0COMPRA
_o.STAFF. Colección General
994 _aC0
_bPEPRU
596 _a1
999 _a264 W55
_wDEWEY
_c60345
_i42512
_f2021-11-10
_g6
_lCCODEBUL1
_mBUL
_r0
_sY
_tBOOK
_u2015-4-23
_xTEOLOGIA
_zUNKNOWN
_0COMPRA
_o.STAFF. Colección General
_d60345
999 _a264 W55
_wDEWEY
_c2
_i45768
_f2021-11-10
_g5
_lCCODEBUL1
_mBUL
_r0
_sY
_tBOOK
_u2015-6-16
_xTEOLOGIA
_zUNKNOWN
_0COMPRA
_o.STAFF. Colección General
980 _81
_gALBERTO SANCHEZ Responsable de Automatización